| 000 | 00379cam a2200157ua 4500 | ||
|---|---|---|---|
| 041 |
_aeng _h |
||
| 082 |
_a823.308 _bMER/BA |
||
| 100 | _aMerriman, Seton H . | ||
| 245 |
_aBarlasch of the guard / _cSeton H Merriman. _hTextual Documents |
||
| 250 |
_a1 / _b. |
||
| 260 |
_aLondon : _bLongman , _c1963. |
||
| 300 | _a117 ; . | ||
| 504 | _a | ||
| 942 | _cBK | ||
| 999 |
_c8106 _d8106 |
||